000 00544cam a2200181 4500
001 L160050
008 040913n2017 000 0 eng u
035 _a(Sirsi) u160050
041 _aeng
110 2 _aRoyal Institution of Chartered Surveyors
_94900
245 0 0 _aMajor project inflation service
_h[electronic resource]
260 _aLondon
_bRICS
_c2017
300 _a2p.
520 _aDemonstrates RICS data services: Major Project Inflation Service on a case study.
650 2 4 _aABOUT RICS
651 4 _aInternational
942 _n0
999 _c116180
_d116180